[Event "HUN-chT 2018-19"]
[Site "Szombathely"]
[Date "2019.04.27"]
[Round "8.56"]
[White "Gara, Anita"]
[Black "Nayhebaver, Martin"]
[Result "0-1"]
[WhiteElo "2370"]
[BlackElo "2464"]
[Annotator "ChessBase"]
[PlyCount "82"]
[EventDate "2018.11.16"]
[EventType "team-tourn"]
[EventCountry "HUN"]
[SourceTitle "playchess.com"]
[Source "ChessBase"]
[SourceQuality "1"]

1. e4 c5 2. Nf3 d6 3. d4 cxd4 4. Qxd4 Nf6 5. Be2 Nc6 6. Qe3 g6 7. O-O Bg7 8. h3 O-O 9. Rd1 Nd7 10. Qf4 Nde5 11. Nxe5 Bxe5 12. Qe3 Be6 13. c3 Bg7 14. Nd2 Qc7 15. Nf3 Na5 16. Ng5 Bc4 17. Bxc4 Nxc4 18. Qg3 Ne5 19. Bf4 Qc6 20. Bxe5 Bxe5 21. Qh4 h5 22. Rd5 Bf6 23. Qg3 Qb6 24. b3 Rac8 25. Rc1 Rc5 26. c4 Qa5 27. Rxc5 Qxc5 28. Nf3 Qa3 29. Rc2 Bb2 30. Ne1 Qxa2 31. Qe3 Qb1 32. Qd2 Be5 33. Qe3 Rc8 34. Rc1 Qb2 35. Rc2 Qa1 36. Rc1 Qa3 37. Nc2 Qb2 38. g3 b5 39. Nb4 Bd4 40. Rc2 Qxc2 41. Qxd4 Qxb3 0-1

[Event "HUN-chT 2018-19"]
[Site "Szombathely"]
[Date "2019.04.27"]
[Round "8.57"]
[White "Hando, Vilmos"]
[Black "Szeberenyi, Adam"]
[Result "1-0"]
[WhiteElo "2382"]
[BlackElo "2377"]
[Annotator "ChessBase"]
[PlyCount "103"]
[EventDate "2018.11.16"]
[EventType "team-tourn"]
[EventCountry "HUN"]
[SourceTitle "playchess.com"]
[Source "ChessBase"]
[SourceQuality "1"]

1. c4 e5 2. Nc3 Nf6 3. Nf3 Nc6 4. e4 Bc5 5. Nxe5 Nxe5 6. d4 Nxe4 7. Nxe4 Bb4+ 8. Bd2 Bxd2+ 9. Nxd2 Ng6 10. Qe2+ Ne7 11. O-O-O O-O 12. Re1 Nf5 13. Qe5 d6 14. Qf4 d5 15. Bd3 g6 16. Bxf5 Bxf5 17. g4 Qh4 18. Rhg1 Be6 19. Rg3 Kg7 20. cxd5 Bd7 21. Nf3 Qf6 22. Qxf6+ Kxf6 23. Ne5 Rad8 24. Rc3 Bc8 25. Rc5 Kg5 26. Re4 f5 27. Nf3+ Kf6 28. g5+ Kf7 29. Rxc7+ Bd7 30. Rh4 Kg8 31. Kd2 Rf7 32. Ne5 Rg7 33. Rxb7 Be8 34. Rxg7+ Kxg7 35. Rh3 Rxd5 36. Kc3 Bb5 37. Re3 h6 38. h4 hxg5 39. hxg5 Rd8 40. Kb4 a6 41. Nf3 Bc6 42. Re7+ Kf8 43. Ne5 Be8 44. Re6 Rxd4+ 45. Kc3 Ra4 46. a3 a5 47. Rf6+ Kg7 48. Nc4 Bf7 49. b3 Bxc4 50. bxa4 Be2 51. f4 Bd1 52. Ra6 1-0

[Event "HUN-chT 2018-19"]
[Site "Szombathely"]
[Date "2019.04.27"]
[Round "8.58"]
[White "Szamoskozi, Gabor"]
[Black "Kun, Gabor"]
[Result "1/2-1/2"]
[WhiteElo "2257"]
[BlackElo "2340"]
[Annotator "ChessBase"]
[PlyCount "143"]
[EventDate "2018.11.16"]
[EventType "team-tourn"]
[EventCountry "HUN"]
[SourceTitle "playchess.com"]
[Source "ChessBase"]
[SourceQuality "1"]

1. e4 e6 2. d4 d5 3. Nd2 c5 4. exd5 Qxd5 5. Ngf3 cxd4 6. Bc4 Qd7 7. Nb3 Nc6 8. O-O a6 9. a4 Nf6 10. Qe2 Qc7 11. Rd1 Bd7 12. Nbxd4 Nxd4 13. Rxd4 Bc5 14. Bf4 Qd8 15. Rd2 O-O 16. Ne5 Qc8 17. Nxd7 Nxd7 18. c3 Nf6 19. Be5 Be7 20. Bb3 Rd8 21. Rxd8+ Qxd8 22. Bc2 Qb6 23. a5 Qc6 24. Rd1 Rd8 25. Rxd8+ Bxd8 26. Qd3 Qd5 27. Bxf6 Qxd3 28. Bxd3 gxf6 29. Be4 b6 30. axb6 Bxb6 31. Kf1 f5 32. Bb7 a5 33. Ke2 Kf8 34. f3 Ke7 35. Kd3 Kd6 36. Kc4 Be3 37. Kb5 Bc1 38. b3 Bd2 39. c4 Bb4 40. Bc6 h6 41. Ba8 Bd2 42. c5+ Kc7 43. Bc6 Kd8 44. Kb6 Be3 45. Bb5 e5 46. Bd3 e4 47. fxe4 fxe4 48. Bxe4 Bg1 49. h3 Bf2 50. g4 f6 51. Kc6 Bg3 52. Bf5 Ke7 53. Kb6 Bf2 54. Kb5 Kd8 55. c6 Kc7 56. Be4 Be1 57. Kc5 Bg3 58. Kd5 Bf4 59. Ke6 Bg5 60. Kf5 Kd6 61. Kg6 Kc7 62. Kh5 Bf4 63. Bg2 Be3 64. Kg6 Bg5 65. Bh1 Kd6 66. Kh5 Bf4 67. h4 Bg3 68. Kxh6 Bxh4 69. Kg6 Kc7 70. Kf5 Bg5 71. Ke6 Bh4 72. Bf3 1/2-1/2

[Event "HUN-chT 2018-19"]
[Site "Szombathely"]
[Date "2019.04.27"]
[Round "8.59"]
[White "Fusthy, Zsolt"]
[Black "Karacsonyi, Gellert"]
[Result "1-0"]
[WhiteElo "2278"]
[BlackElo "2135"]
[Annotator "ChessBase"]
[PlyCount "81"]
[EventDate "2018.11.16"]
[EventType "team-tourn"]
[EventCountry "HUN"]
[SourceTitle "playchess.com"]
[Source "ChessBase"]
[SourceQuality "1"]

1. Nf3 Nf6 2. g3 d5 3. Bg2 e6 4. O-O Be7 5. d3 O-O 6. Nbd2 c5 7. e4 Nc6 8. Re1 b6 9. e5 Nd7 10. Nf1 a5 11. h4 Ba6 12. N1h2 Rc8 13. h5 b5 14. Ng4 b4 15. Bf4 a4 16. Qc1 Nd4 17. Ngh2 Qb6 18. b3 axb3 19. axb3 Nb5 20. Bg5 Bxg5 21. Qxg5 Na3 22. h6 g6 23. c4 dxc4 24. dxc4 Qd8 25. Qc1 Bb7 26. Ra2 Qe7 27. Ng4 Rcd8 28. Ng5 Bxg2 29. Kxg2 Kh8 30. Qf4 Nb8 31. Nf6 Rd4 32. Qf3 Rfd8 33. Nfxh7 Rd3 34. Re3 Rxe3 35. fxe3 Nd7 36. Qxf7 Qxf7 37. Nxf7+ Kxh7 38. Nxd8 Nxe5 39. Nxe6 Nd3 40. Rd2 Nc2 41. Kf3 1-0

[Event "HUN-chT 2018-19"]
[Site "Szombathely"]
[Date "2019.04.27"]
[Round "8.60"]
[White "Demjen, Mark"]
[Black "Erdos, Boglarka"]
[Result "0-1"]
[WhiteElo "1933"]
[BlackElo "2148"]
[Annotator "NA"]
[PlyCount "70"]
[EventDate "2018.11.16"]
[EventType "team-tourn"]
[EventCountry "HUN"]
[SourceTitle "playchess.com"]
[Source "ChessBase"]
[SourceQuality "1"]

1. e4 e5 2. Nf3 Nc6 3. Bb5 a6 4. Ba4 Nf6 5. O-O Be7 6. Re1 b5 7. Bb3 O-O 8. c3 d6 9. h3 Bb7 10. d4 Na5 11. Bc2 Nd7 12. Nbd2 Re8 13. Nf1 Bf6 14. dxe5 dxe5 15. Ne3 Nb6 16. Qe2 Nac4 17. Nxc4 Nxc4 18. a4 Nd6 19. Nd2 c5 20. axb5 axb5 21. Rxa8 Qxa8 22. Nf1 b4 23. f3 bxc3 24. bxc3 Qa5 25. Rd1 Nb5 26. Bd2 Nc7 27. Ne3 Rd8 28. c4 Qa6 29. Nd5 Nxd5 30. exd5 Bxd5 31. Qd3 e4 32. fxe4 Bxc4 33. Qf3 Be2 34. Qf5 Bxd1 35. Bxd1 Rxd2 0-1

[Event "HUN-chT 2018-19"]
[Site "Szombathely"]
[Date "2019.04.28"]
[Round "9.1"]
[White "Perunovic, Milos"]
[Black "Horvath, Adam"]
[Result "1-0"]
[WhiteElo "2597"]
[BlackElo "2493"]
[Annotator "TA"]
[PlyCount "81"]
[EventDate "2018.11.16"]
[EventType "team-tourn"]
[EventCountry "HUN"]
[SourceTitle "playchess.com"]
[Source "ChessBase"]
[SourceQuality "1"]

{[%evp 9,81,25,47,24,19,31,22,23,27,14,14,15,25,0,0,0,0,0,0,0,0,0,0,0,0,0,0,0,0,0,13,8,22,0,0,0,18,-17,-11,-29,-31,-50,0,0,0,0,233,0,0,0,88,0,8,0,0,0,0,0,22,27,312,300,641,592,1401,1183,29991,29992,29992,29990,29990,29991,29994,29995]} 1. e4 c5 2. Nf3 e6 3. d4 cxd4 4. Nxd4 Nc6 5. Nc3 Qc7 6. Qd3 {B47: Sicilian: Taimanov: 5 Nc3 Qc7 6 f4, 6 g3 and 6 Be2} (6. Be3 a6 7. Qf3 Nf6 8. O-O-O Ne5 9. Qg3 b5 10. f4 Neg4 11. Bd2 b4 12. Na4 h5 13. Bd3 d5 14. e5 Ne4 15. Bxe4 dxe4 {½-½ (48) Caruana,F (2832)-Shankland,S (2724) Germany 2019}) 6... Nf6 7. Ndb5 Qb8 $1 8. Qg3 {The position is equal.} d6 $1 {Black wants to play ...a6.} 9. Be3 a6 10. Nd4 h5 11. f3 Bd7 12. O-O-O b5 {[%cal Bb7b5,Bb5b4][%mdl 32]} 13. Nxc6 Bxc6 14. Bd3 $146 b4 15. Ne2 a5 16. Nd4 Bd7 $1 17. Rhe1 h4 18. Qf2 a4 19. Kb1 g6 20. h3 Be7 21. f4 d5 22. exd5 Nxd5 23. Be4 {And now Bxd5 would win.} (23. f5 $5 {[%cal Rf5e6]} Nc3+ 24. bxc3 bxc3+ 25. Nb3 $1 {[%mdl 512]} axb3 26. cxb3 gxf5 27. Bc5 (27. Bd4 Rg8 $15) 27... Bxc5 28. Qxc5 $11) 23... Ra5 24. Bxd5 Rxd5 25. Nf3 {Rxd5 is the strong threat.} Rxd1+ (25... Qd6 $5 {[%cal Rd5d1]} 26. Rxd5 Qxd5 $11) 26. Rxd1 Bc6 27. Ne5 Be4 $2 {[#]} (27... Qb5 $11) 28. b3 $2 (28. Bc5 $1 $18 {[%cal Rc5e7]} Qc7 29. Bxe7 Kxe7 30. Rd7+ Qxd7 {[%mdl 64] Remove Defender} 31. Nxd7) 28... axb3 $11 29. axb3 {Strongly threatening Bc5.} Qc8 (29... f6 $11 {keeps the balance.} 30. Bd4 Qc8) 30. Bd4 (30. Rd7 $16 {Hoping for Rxe7+!} Rh5 31. Rxe7+ {[%mdl 64] Remove Defender} Kxe7 32. Bc5+ {[%mdl 64] Double Attack} Ke8 33. Bxb4) 30... O-O 31. Qe2 Qa8 32. Re1 Bf5 {Threatens to win with ...Qd5.} 33. Ng4 {aiming for Nh6+.} Kh7 {Threatening ...Qd5.} 34. Qe5 $40 {[%csl Gd4][%cal Re5g7][%mdl 128] White mounts an attack.} Rg8 $2 {[%mdl 8192]} (34... f6 $1 $11 35. Qc7 Qd8) 35. Nf6+ $18 Bxf6 $2 (35... Kh6 36. Nxg8+ Qxg8) 36. Qxf6 {[%cal Rf6h4][%mdl 64] Double Attack} Bxc2+ {[#]} 37. Kc1 $1 {[%cal Rf6h4][%mdl 512]} g5 38. Qxf7+ {White mates.} Kh6 39. Rxe6+ Bg6 40. f5 {[%mdl 64] Pin} Qa3+ 41. Bb2 {Accuracy: White = 63%, Black = 59%.} 1-0

[Event "HUN-chT 2018-19"]
[Site "Szombathely"]
[Date "2019.04.28"]
[Round "9.2"]
[White "Varga, Zoltan"]
[Black "Papp, Gabor"]
[Result "1-0"]
[WhiteElo "2444"]
[BlackElo "2598"]
[Annotator "TA"]
[PlyCount "51"]
[EventDate "2018.11.16"]
[EventType "team-tourn"]
[EventCountry "HUN"]
[SourceTitle "playchess.com"]
[Source "ChessBase"]
[SourceQuality "1"]

{[%evp 9,51,20,24,21,12,12,18,22,20,0,40,20,18,9,9,8,13,0,0,-2,0,-12,0,-11,-5,-9,0,-4,0,-6,12,6,11,-1,9,0,363,363,383,376,497,483,590,585]} 1. e4 c5 2. Nf3 d6 3. d4 Nf6 4. dxc5 Nxe4 5. cxd6 Nc6 6. dxe7 {B53: Sicilian: 2...d6: Lines with Qxd4} (6. Be3 {is more complex.} Nxd6 7. Nc3 e5 8. Qd2 Be6 9. O-O-O) 6... Qxd1+ 7. Kxd1 Bxe7 8. Be3 {The position is equal.} O-O 9. Bd3 Nf6 $146 ({Predecessor:} 9... Nc5 10. Nbd2 Nxd3 11. cxd3 Rd8 12. Ke2 Nb4 13. d4 Bf5 {½-½ (37) Popov,I (2599)-Levin,E (2532) Sochi 2017}) 10. Nc3 Nb4 11. a3 Nxd3 12. cxd3 Rd8 13. Ke2 b6 14. Nb5 Ba6 15. a4 {[%cal Ba3a4,Ba4a5][%mdl 32]} Nd5 16. Rhc1 Bf6 17. d4 Re8 18. Kd2 Re7 19. Nc3 Nb4 20. a5 b5 21. Ne2 h6 22. Rc5 $36 {[%mdl 2048] [#] Threatens to win with Kc3. White fights for an advantage.} Ree8 $2 {[%mdl 8192]} (22... Rd7 $11 {and Black has nothing to worry.}) 23. Kc3 $18 Be7 24. Kxb4 Bxc5+ 25. dxc5 ({Less strong is} 25. Kxc5 b4 $18) 25... Bb7 26. a6 {Accuracy: White = 65%, Black = 53%.} 1-0

[Event "HUN-chT 2018-19"]
[Site "Szombathely"]
[Date "2019.04.28"]
[Round "9.3"]
[White "Sedlak, Nikola"]
[Black "Meszaros, Tamas"]
[Result "1-0"]
[WhiteElo "2595"]
[BlackElo "2391"]
[Annotator "TA"]
[PlyCount "49"]
[EventDate "2018.11.16"]
[EventType "team-tourn"]
[EventCountry "HUN"]
[SourceTitle "playchess.com"]
[Source "ChessBase"]
[SourceQuality "1"]

{[%evp 18,49,20,20,20,20,26,20,36,20,20,20,32,11,22,18,25,14,39,36,91,84,86,85,101,77,92,85,101,1,59,67,43,35]} 1. d4 Nf6 2. Nf3 e6 3. Bf4 c5 4. e3 cxd4 5. exd4 b6 6. Nbd2 Bb7 7. h3 Be7 8. Bd3 O-O 9. c3 d6 10. O-O Nbd7 {A47: 1 d4 Nf6 2 Nf3 b6: Torre, London and Colle Systems} 11. Re1 $146 (11. Qe2 a6 12. a4 Re8 13. Bh2 h6 14. Rfe1 Bf8 15. Nc4 Qc7 16. Ne3 Nd5 17. Nxd5 Bxd5 18. Bxa6 Bxf3 19. gxf3 {1-0 (34) Carlsen,M (2837)-Akobian,V (2647) Riadh 2017}) ({Predecessor:} 11. Bh2 a6 12. a4 Re8 13. Re1 Qc7 {½-½ (14) Ortiz Suarez,I (2548)-Martinez Alcantara,J (2545) Barbera del Valles 2018}) 11... Re8 12. Nc4 Qc7 {The position is equal.} 13. a4 {[%cal Ba2a4,Ba4a5][%mdl 32]} a6 14. Bh2 Bf8 15. Bf1 Rad8 16. Ne3 g6 17. Nd2 Bg7 18. a5 b5 {[#]} (18... e5 $14) 19. c4 $1 $16 bxc4 20. Ndxc4 e5 21. dxe5 Nxe5 22. Nb6 Qc5 23. Qc1 (23. Qa4 $16) 23... Nc6 ({Black should play} 23... Ne4 $11) 24. Qxc5 $14 dxc5 25. Nec4 {Accuracy: White = 53%, Black = 47%.} 1-0

[Event "HUN-chT 2018-19"]
[Site "Szombathely"]
[Date "2019.04.28"]
[Round "9.4"]
[White "Horvath, Tamas"]
[Black "Acs, Peter"]
[Result "0-1"]
[WhiteElo "2339"]
[BlackElo "2594"]
[Annotator "TA RC"]
[PlyCount "42"]
[EventDate "2018.11.16"]
[EventType "team-tourn"]
[EventCountry "HUN"]
[SourceTitle "playchess.com"]
[Source "ChessBase"]
[SourceQuality "1"]

{[%evp 16,42,47,38,57,41,55,49,51,67,52,43,59,48,43,33,68,92,83,42,32,-14,26,32,66,-9,17,25,39]} 1. e4 c5 2. Nf3 d6 3. d4 cxd4 4. Nxd4 Nf6 5. Nc3 Nc6 6. h3 e6 7. g4 a6 8. Be3 h6 9. f4 Nd7 {B81: Sicilian Scheveningen: Keres Attack} (9... Bd7 10. Bg2 Rc8 11. O-O Be7 12. Qe2 b5 13. Qf2 O-O 14. Nb3 Qc7 15. a3 b4 16. axb4 Nxb4 17. Nd4 {½-½ (46) Jakovenko,D (2731)-Timofeev,A (2598) Sochi 2016}) 10. Qd2 Nxd4 $146 ({Predecessor:} 10... Be7 11. O-O-O O-O 12. Nxc6 bxc6 13. h4 d5 14. g5 h5 15. f5 Bb4 16. a3 Ba5 17. Be2 {1-0 (33) Chen,Q (2432)-Paramzina,A (2255) Qinhuangdao 2018}) 11. Bxd4 b5 {White is slightly better.} 12. O-O-O Bb7 13. a3 Rc8 14. Bd3 e5 15. Be3 exf4 16. Bxf4 Be7 17. Kb1 Ne5 18. Ne2 Ng6 19. Be3 Bf6 20. Nf4 (20. Nd4 $14) 20... Nxf4 21. Bxf4 Be5 {[%mdl 32768] Accuracy: White = 48%, Black = 58%. . Loss on time!?} 0-1

[Event "HUN-chT 2018-19"]
[Site "Szombathely"]
[Date "2019.04.28"]
[Round "9.5"]
[White "Szabo, Krisztian"]
[Black "Horvath, Gyula"]
[Result "1/2-1/2"]
[WhiteElo "2493"]
[BlackElo "2320"]
[Annotator "RC"]
[PlyCount "81"]
[EventDate "2018.11.16"]
[EventType "team-tourn"]
[EventCountry "HUN"]
[SourceTitle "playchess.com"]
[Source "ChessBase"]
[SourceQuality "1"]

1. e4 e5 2. Nf3 Nc6 3. Bb5 f5 4. d3 fxe4 5. dxe4 Nf6 6. O-O d6 7. Nc3 Be7 8. Qd3 Bd7 9. a3 Qc8 10. Bc4 h6 11. Nh4 g5 12. Ng6 Rh7 13. Nxe7 Kxe7 14. Be3 Qh8 15. Rfd1 a6 16. b4 Nd8 17. a4 Ne6 18. b5 axb5 19. axb5 Rxa1 20. Rxa1 b6 21. Nd5+ Nxd5 22. Bxd5 Qf6 23. Ra7 Kd8 24. Qc4 Nc5 25. Bc6 Qf7 26. Qe2 Qg6 27. Bxc5 bxc5 28. Ra8+ Ke7 29. Bxd7 Kxd7 30. Qg4+ Ke7 31. Rc8 Kf6 32. Qf3+ Ke6 33. Qg4+ Kf6 34. h4 gxh4 35. Qf3+ Ke6 36. Qh3+ Kf6 37. Qf3+ Ke6 38. Rg8 Rg7 39. Qh3+ Kf7 40. Rc8 Kf6 41. Qxh4+ 1/2-1/2

[Event "HUN-chT 2018-19"]
[Site "Szombathely"]
[Date "2019.04.28"]
[Round "9.6"]
[White "Madl, Ildiko"]
[Black "Kaczur, Florian"]
[Result "0-1"]
[WhiteElo "2308"]
[BlackElo "2473"]
[Annotator "TA"]
[PlyCount "68"]
[EventDate "2018.11.16"]
[EventType "team-tourn"]
[EventCountry "HUN"]
[SourceTitle "playchess.com"]
[Source "ChessBase"]
[SourceQuality "1"]

{[%evp 18,68,6,11,31,20,29,17,29,0,4,0,12,0,10,0,0,0,0,0,0,0,0,0,0,-34,0,-29,-25,-13,0,0,0,0,0,0,0,0,0,-36,-36,-34,-33,-36,-46,-32,-39,-400,-410,-1329,-1317,-2302,-2236]} 1. e4 e5 2. Nf3 Nc6 3. Bb5 a6 4. Ba4 Nf6 5. O-O Be7 6. Re1 b5 7. Bb3 O-O 8. a4 b4 9. d3 d6 10. Nbd2 h6 {C88: Closed Ruy Lopez: Anti-Marshall Systems} (10... Na5 11. Ba2 c5 12. c3 Rb8 13. Nc4 Nc6 14. h3 Be6 15. Ng5 Bd7 16. f4 h6 17. Nf3 exf4 18. Bxf4 Be6 19. Ne3 bxc3 20. bxc3 Rb2 {0-1 (46) Karjakin,S (2753)-So,W (2765) Kolkata 2018}) 11. h3 Rb8 12. Nc4 Be6 {The position is equal.} 13. a5 Nd7 14. Be3 Bf6 {[#]} 15. Ba4 $146 ({Predecessor:} 15. Nh2 Bg5 16. Ba4 Bxe3 17. Nxe3 Ne7 18. c3 {0-1 (35) Castellanos Rodriguez,R (2501)-Liang,A (2572) chess.com INT 2018}) 15... Ne7 16. Qd2 Ng6 17. Bc6 Ne7 18. Ba4 Ng6 19. Bc6 Nc5 20. Bxc5 $1 dxc5 21. Qe3 Qe7 22. Kh2 Rfd8 23. g3 b3 24. c3 Bxh3 {[%mdl 64] Decoy} 25. Kxh3 {Kh2 is the strong threat.} Qe6+ {[%mdl 64] Double Attack} 26. Kg2 {Threatens to win with Bd5.} Qxc6 27. Rh1 Qe6 28. Nh2 Bg5 29. Qf3 Rd7 30. Ng4 Rbd8 31. Rad1 f6 32. Kf1 $2 {[%mdl 8192] [#]} ({White should try} 32. Qe2 $15) 32... Rxd3 $1 $19 {[%mdl 576] Remove Defender} 33. Rxd3 (33. Nce3 $142 Bxe3 34. Rxd3 Rxd3 35. Nxe3) 33... Qxc4 34. Ke2 {[#]} f5 $1 {[%mdl 512] Accuracy: White = 28%, Black = 66%.} 0-1

[Event "HUN-chT 2018-19"]
[Site "Szombathely"]
[Date "2019.04.28"]
[Round "9.7"]
[White "Lizak, Peter"]
[Black "Parkanyi, Attila"]
[Result "1/2-1/2"]
[WhiteElo "2472"]
[BlackElo "2275"]
[Annotator "TA"]
[PlyCount "46"]
[EventDate "2018.11.16"]
[EventType "team-tourn"]
[EventCountry "HUN"]
[SourceTitle "playchess.com"]
[Source "ChessBase"]
[SourceQuality "1"]

{[%evp 13,46,16,14,21,22,0,0,0,0,0,0,-9,19,-51,-28,-49,0,-67,4,12,23,30,17,32,18,13,20,0,0,-6,26,0,0,-12,18]} 1. d4 Nf6 2. Nc3 c5 3. d5 d6 4. e4 g6 5. h3 Bg7 6. Nf3 O-O 7. a4 e6 8. Bc4 {A43: Schmid Benoni} exd5 9. Nxd5 Nxe4 10. O-O Kh8 11. Re1 f5 12. Ra3 $146 ({Predecessor:} 12. Bf4 Nc6 13. Nd2 g5 14. Nxe4 gxf4 15. Nd2 Bxb2 {1-0 (27) Ivanisevic,I (2614)-Marinkovic,I (2461) Belgrade 2009}) 12... Nc6 13. Rd3 (13. Bd3 $11) 13... Be6 $15 14. c3 $1 Qd7 15. Bf4 (15. Ng5 $11) 15... Rae8 (15... Qf7 $15 16. Bb3 Na5) 16. Ne3 $1 $11 {[%cal Rf4d6]} Rd8 17. Bxe6 Qxe6 18. Ng5 $1 {[%cal Rg5e6]} Nxg5 19. Bxg5 Rd7 20. Bf4 {[%cal Rd3d6]} Rfd8 21. Bg5 Rf8 22. Bf4 {[%cal Rd3d6]} Rfd8 23. Bg5 Rf8 {Accuracy: White = 47%, Black = 47%.} 1/2-1/2

[Event "HUN-chT 2018-19"]
[Site "Szombathely"]
[Date "2019.04.28"]
[Round "9.8"]
[White "Dobos, Jozsef"]
[Black "Groszpeter, Attila"]
[Result "0-1"]
[WhiteElo "2277"]
[BlackElo "2437"]
[Annotator "TA"]
[PlyCount "45"]
[EventDate "2018.11.16"]
[EventType "team-tourn"]
[EventCountry "HUN"]
[SourceTitle "playchess.com"]
[Source "ChessBase"]
[SourceQuality "1"]

{[%evp 11,45,6,0,0,0,0,0,0,0,0,0,-14,-1,-42,-8,-75,-56,-74,-49,-81,-69,-73,-75,-79,-69,-68,-75,-86,-80,-83,-81,-76,-62,-92,-116,-105]} 1. d4 d5 2. Bf4 c5 3. e3 Nc6 4. c3 Nf6 5. Nd2 e6 6. Bd3 Bd6 7. Bxd6 {D00: 1 d4 d5: Unusual lines} Qxd6 8. f4 cxd4 (8... Bd7 9. a3 Ne7 10. Ngf3 Qb6 11. Rb1 Bb5 12. Bxb5+ Qxb5 13. Qe2 Qxe2+ 14. Kxe2 Rc8 {1-0 (58) Duda,J (2717)-Dziuba,M (2584) Katowice 2017}) 9. cxd4 {The position is equal.} Bd7 10. a3 Ne7 11. Qe2 Qb6 $36 {[%mdl 2048] Black has the initiative.} 12. b4 $146 ({Predecessor:} 12. Ngf3 Nf5 13. Ne5 Nd6 14. Nxd7 Nxd7 {0-1 (35) Martini,B (2351)-Gonda,L (2507) Budapest 2017}) 12... Nf5 13. Nh3 (13. Ngf3 $11) 13... Nd6 14. Nf2 Bb5 15. O-O O-O 16. Rfc1 Rfc8 17. Rc5 {[%cal Rc5b5]} Bxd3 18. Qxd3 Nd7 19. Nb3 Qd8 20. Rcc1 Rc4 21. Nd2 Rc7 22. Nb3 Rac8 23. Rxc7 {Accuracy: White = 49%, Black = 85%.} 0-1

[Event "HUN-chT 2018-19"]
[Site "Szombathely"]
[Date "2019.04.28"]
[Round "9.9"]
[White "Lazarne Vajda, Szidonia"]
[Black "Csiszar, Zoltan"]
[Result "1/2-1/2"]
[WhiteElo "2358"]
[BlackElo "2245"]
[Annotator "TA"]
[PlyCount "39"]
[EventDate "2018.11.16"]
[EventType "team-tourn"]
[EventCountry "HUN"]
[SourceTitle "playchess.com"]
[Source "ChessBase"]
[SourceQuality "1"]

{[%evp 17,39,9,22,0,0,0,0,0,0,0,0,0,0,0,0,0,0,0,21,14,39,0,0,0]} 1. e4 c6 2. Nc3 d5 3. d4 dxe4 4. Nxe4 Nf6 5. Nxf6+ exf6 6. Nf3 Bd6 7. Be2 O-O 8. O-O Bg4 9. h3 Bh5 10. Nh4 {B15: Caro-Kann: 3 Nc3: 3...g6 and 3...dxe4 4 Nxe4 Nf6 5 Nxf6+ exf6} Bxe2 11. Qxe2 g6 (11... Re8 12. Qd3 Na6 13. Bd2 Nc7 14. Rad1 Ne6 15. Nf3 Qb6 16. c4 Qa6 17. Qc2 c5 {1-0 (59) Atlas,V (2451)-Shengelia,D (2522) Austria 2019}) 12. Re1 {Hoping for Bh6.} Nd7 13. Nf3 $146 ({Predecessor:} 13. Bh6 Re8 14. Qg4 Qa5 15. Nf3 f5 16. Qh4 Bf8 17. Bxf8 Nxf8 18. Re7 Qb4 19. Rae1 Ne6 20. R1xe6 {1-0 (20) Kovanova,B (2385)-Djukic,S (2214) Rijeka 2010}) 13... Re8 14. Qxe8+ Qxe8 15. Rxe8+ Rxe8 16. Bd2 Kg7 17. Kf1 g5 18. Re1 Re6 19. Rxe6 fxe6 20. Ke2 1/2-1/2